000 00690nam a2200241 i 4500
001 C2-0283904
003 PPAK
005 20180728013844.0
008 071125s2007 my |||| ||||| | may d
040 _aPPAK
_beng
_cPPAK
_erda
082 0 4 _a928.9923
_223
090 0 0 _a928.9923
_bZAK
_dKK
100 0 _aZakry Abadi,
_eauthor
245 1 0 _aPahit maung Abdullah Hussain tertumpah di buku
264 1 _aKedah :
_bPerbadanan Perpustakaan Awam Kedah ,
_c2007
300 _a6 pages ;
_c30 cm
336 _2rdacontent
_atext
337 _2rdamedia
_aunmediated
338 _2rdacarrier
_avolume
500 _aMastika Disember 1972
650 1 0 _aAuthors, malay - biography
942 _ddc
_cB
999 _c89907
_d89907